000 01069nam a22002657a 4500
005 20240530110904.0
008 220209s2008 ua a b 000 0 ara d
017 _bمصر. دار الكتب
_a2008/14966
020 _a9773201414
040 _aEG-CaGPL
_cEG-CaGPL
082 0 4 _221
_a323.6\
_bم ع
100 0 _aميتراييى موخوبادهياى
245 1 0 _aعدالة النوع الاجتماعى والمواطنة والتنمية /
_cحرره ميتراييى موخوبادهياى ، ونافاشاران سنج
250 _aط.1
260 _aالقاهرة :
_bمركز الاهرام للنشر والترجمة والتوزيع،
_c2008
300 _a358 ص؛
_c22 سم
504 _aيشتمل على ارجاعات ببليوجرافية
650 0 7 _2qrmak
_aحقوق الانسان
650 0 7 _aالمواطنة
_2qrmak
650 0 7 _aالمواطنة
_zمصر
_2qrmak
651 _2qrmak
700 0 _aونافاشاران سنج
_eمحرر مشارك
942 _2ddc
_cBK
999 _c66187
_d66187